000 00512nam a2200205 a 4500
001 BRCA_6733
005 20190320205554.0
008 211011s1917----nyu#######---#000-0#eng-#
041 _aeng
044 _anyu
050 4 _aHF5011
_b.C37
_c1917
100 1 _aCarnegie, Andrew
_916814
245 1 0 _aThe Empire of business
_cAndrew Carnegie.
260 _aNueva York
_bDoubleday, Page & Co.
_c1917
300 _a384 p.
_c20 cm.
500 _aI103
650 1 4 _aNegocios
_916815
902 _aGFM
942 _2lcc
_cB
999 _c6416
_d6416